[Event "Pan-Armenian Olym"]
[Site "Yerevan ARM"]
[Date "2010.08.19"]
[Round "5"]
[White "Akopyan,H"]
[Black "Oknayan,Razmig"]
[Result "1/2-1/2"]
[WhiteElo "2258"]
[BlackElo "1971"]

1.e4 g6 2.d4 Bg7 3.Nc3 d6 4.g3 Nd7 5.Bg2 c5 6.Be3 cxd4 7.Bxd4 Ngf6 8.Nge2 O-O
9.O-O a6 10.h3 Qc7 11.f4 e5 12.Be3 b5 13.a3 Bb7 14.g4 Nc5 15.Ng3 exf4 16.Bxf4 Rfd8
17.Bg5 Ncd7 18.Qd2 d5 19.Qf2 h6 20.Bf4 Qb6 21.Qxb6 Nxb6 22.Bc7 Nc4 23.Bxd8 Rxd8
24.Rae1 Nd2 25.Rf4 Nfxe4 26.Ngxe4 dxe4 27.Nxe4 Nxe4 28.Bxe4 g5 29.Rf2  1/2-1/2

[Event "TCh-SRB 1st League"]
[Site "Vrnjacka Banja SRB"]
[Date "2010.08.21"]
[Round "1"]
[White "Marinkovic,I"]
[Black "Popovic,Du"]
[Result "1/2-1/2"]
[WhiteElo "2422"]
[BlackElo "2564"]

1.e4 g6 2.d4 Bg7 3.Nc3 d6 4.h3 a6 5.a4 b6 6.g3 Bb7 7.Bg2 Nd7 8.Nge2 e5 9.dxe5 dxe5
10.Nd5 Ngf6 11.Nec3 Nxd5 12.Nxd5 O-O 13.Be3  1/2-1/2

[Event "TCh-SRB 1st League"]
[Site "Vrnjacka Banja SRB"]
[Date "2010.08.21"]
[Round "1"]
[White "Miladinovic,I"]
[Black "Leskur,D"]
[Result "1-0"]
[WhiteElo "2552"]
[BlackElo "2426"]

1.d4 g6 2.e4 Bg7 3.Nc3 d6 4.Be3 Nf6 5.f3 c6 6.Qd2 b5 7.Nge2 Nbd7 8.g4 Nb6
9.b3 Qc7 10.Bg2 Bb7 11.h4 b4 12.Nd1 c5 13.c3 bxc3 14.Ndxc3 cxd4 15.Nxd4 a6
16.Rc1 Rc8 17.h5 Rg8 18.h6 Bh8 19.O-O Qb8 20.Rc2 Nfd7 21.Rfc1 e6 22.Ncb5 Rxc2
23.Rxc2 axb5 24.Nxb5 Nc8 25.Rc7 Ke7 26.Bg5+ f6 27.Bf4 e5 28.Be3 Rd8 29.Bf1 f5
30.Qa5 fxe4 31.Bg5+ Bf6 32.Bxf6+ Kxf6 33.Rxb7 Qxb7 34.Qxd8+ Ne7 35.g5+  1-0

[Event "25th Open"]
[Site "Schwarzach AUT"]
[Date "2010.08.22"]
[Round "2"]
[White "Huber,E"]
[Black "Eisenbeiser,A"]
[Result "1/2-1/2"]
[WhiteElo "2116"]
[BlackElo "2397"]

1.d4 d6 2.e4 g6 3.Nc3 Bg7 4.Bc4 a6 5.a4 Nd7 6.Bg5 h6 7.Be3 e6 8.Nf3 Ne7 9.a5 O-O
10.O-O b5 11.axb6 Nxb6 12.Bd3 Bb7 13.Qe2 Qc8 14.Nd2 Nc6 15.Nb3 Nb4 16.Na5 Nxd3
17.Qxd3 f5 18.f3 Qb8 19.Nxb7 Qxb7 20.Ra5 fxe4 21.fxe4 Rxf1+ 22.Qxf1 d5 23.b3 dxe4
24.Qf4 Rd8 25.Qg4 Kh7 26.Nxe4 Nd5 27.Bf2 Qb6 28.Rc5 Rf8 29.Qe2 Qb4 30.Rc4 Qa3
31.g3 e5 32.dxe5 Qa1+ 33.Kg2 Bxe5 34.Ra4 Qb2 35.Rxa6 Rf5 36.Rc6 Bd4 37.Qd3 Bxf2
38.Nxf2 Qe5 39.Ng4 Qe7  1/2-1/2

[Event "9th Open"]
[Site "Istanbul TUR"]
[Date "2010.08.25"]
[Round "6"]
[White "Yuksel,A"]
[Black "Kilicaslan,H"]
[Result "0-1"]
[WhiteElo "1975"]
[BlackElo "2245"]

1.e4 g6 2.d4 Bg7 3.Nc3 d6 4.h3 c6 5.a4 Nf6 6.Nf3 O-O 7.Be2 a5 8.O-O Na6 9.e5 Nd5
10.Nxd5 cxd5 11.c3 dxe5 12.Nxe5 f6 13.Nf3 e5 14.dxe5 fxe5 15.Be3 e4 16.Nd4 Nc5
17.Nf5 gxf5 18.Bxc5 Rf6 19.Bd4 Rg6 20.Bxg7 Rxg7 21.Qd2 Be6 22.Qf4 Qf6 23.Rfd1 Kh8
24.Rd4 Rag8 25.g3 Bf7 26.Kh2 Re8 27.Bb5 Rd8 28.Rad1 h5 29.c4 h4 30.Qxh4+ Qxh4
31.gxh4 Rdg8 32.cxd5 Bh5 33.Bf1 Bf3  0-1

[Event "1st Fermo Festival"]
[Site "Porto San Giorgio ITA"]
[Date "2010.08.25"]
[Round "5"]
[White "Mogranzini,R"]
[Black "Spornberger,M"]
[Result "1-0"]
[WhiteElo "2387"]
[BlackElo "2073"]

1.e4 g6 2.d4 Bg7 3.Nc3 d6 4.Be3 a6 5.h4 Nf6 6.f3 Nbd7 7.Qd2 b5 8.O-O-O Bb7
9.Bh6 Bxh6 10.Qxh6 e5 11.d5 Rc8 12.Nh3 c5 13.dxc6 Rxc6 14.Qd2 O-O 15.Kb1 Nb6
16.h5 Nxh5 17.g4 Nf6 18.Ng5 Qc7 19.Qh2 Rc8 20.Nxh7 Nxh7 21.Qxh7+ Kf8 22.Qh6+ Ke8
23.Qh8+ Ke7 24.Qh4+ Kd7 25.Qf6 Rf8 26.Bxb5 axb5 27.Nxb5 Qd8 28.Rxd6+ Rxd6
29.Qxd6+  1-0

[Event "Centenary IM"]
[Site "Dun Laoghaire IRL"]
[Date "2010.08.26"]
[Round "6"]
[White "Cech,P"]
[Black "Daly,C"]
[Result "1-0"]
[WhiteElo "2410"]
[BlackElo "2322"]

1.d4 d6 2.e4 g6 3.Nc3 Bg7 4.Be3 c6 5.Qd2 a6 6.a4 a5 7.f4 Nf6 8.Nf3 Na6 9.e5 Nd5
10.Nxd5 cxd5 11.Bb5+ Kf8 12.O-O Nc7 13.c4 dxc4 14.Bxc4 d5 15.Be2 Na6 16.f5 gxf5
17.g4 fxg4 18.Ng5 f6 19.e6 h5 20.Nf7 Qb6 21.Nxh8 Bxh8 22.Rf5 Bxe6 23.Rxh5 Kf7
24.Rh7+ Bg7 25.Bh6 Rg8 26.Re1 Nb4 27.Bb5 Bf5 28.Rxg7+ Rxg7 29.Bxg7 Nc2 30.Rf1 Nxd4
31.Qe3 Kxg7 32.Rxf5 e5 33.Rh5 Nf3+ 34.Kf2 d4 35.Qh6+ Kf7 36.Qh7+ Kf8 37.Qh8+ Ke7
38.Rh7+ Ke6 39.Qc8+ Kd5 40.Rxb7  1-0

[Event "1st Fermo Festival"]
[Site "Porto San Giorgio ITA"]
[Date "2010.08.26"]
[Round "6"]
[White "Suppa,E"]
[Black "Leon Hoyos,M"]
[Result "0-1"]
[WhiteElo "2121"]
[BlackElo "2556"]

1.d4 d6 2.e4 g6 3.Nc3 Bg7 4.Nf3 a6 5.Be2 b5 6.a4 b4 7.Nd5 Bb7 8.Nxb4 Bxe4
9.O-O Nf6 10.Ng5 Bb7 11.Bf3 d5 12.c3 O-O 13.Re1 Nbd7 14.Nd3 h6 15.Nh3 Ne4
16.Be3 g5 17.Be2 e6 18.f3 Nd6 19.Bc1 Rc8 20.f4 Ne4 21.Bf3 c5 22.Be3 cxd4
23.Bxd4 Bxd4+ 24.cxd4 Rc4 25.Bxe4 dxe4 26.Ndf2 Nf6 27.fxg5 hxg5 28.Nxg5 Qxd4
29.Qb3 Ng4 30.Nh3 Nxf2 31.Nxf2 Rb4 32.Qg3+ Qg7 33.Qh3 f5 34.Re3 Kf7 35.Rg3 Qh8
36.Rc1 Qxh3 37.Nxh3 Rxb2 38.Ng5+ Ke7 39.Nh7 Rc8 40.Rg7+ Kd6 41.Rd1+ Ke5 42.g4 e3
43.gxf5 Rcc2 44.Re1 Re2 45.Rc1 Rxh2  0-1

[Event "25th Open"]
[Site "Schwarzach AUT"]
[Date "2010.08.26"]
[Round "6"]
[White "Ljubic,J"]
[Black "Eisenbeiser,A"]
[Result "1/2-1/2"]
[WhiteElo "2186"]
[BlackElo "2397"]

1.e4 d6 2.d4 g6 3.Nc3 Bg7 4.Be3 a6 5.Qd2 Nd7 6.h3 h6 7.f4 e6 8.Nf3 Ne7 9.O-O-O b5
10.Bd3 Nb6 11.Qf2 b4 12.Ne2 d5 13.Kb1 Bd7 14.Ne5 dxe4 15.Bxe4 Ned5 16.Bc1 Bb5
17.Rde1 Nc4 18.g4 c6 19.Bd3 Nd6 20.f5 Qf6 21.Nf4 Bxd3 22.cxd3 Nxf4 23.Qxf4 gxf5
24.Rhf1 O-O-O 25.Qf3 Qe7 26.Qxc6+ Kb8 27.Qxa6 Bxe5 28.dxe5 Qb7 29.Qxb7+ Nxb7
30.gxf5 Rxd3 31.Re3 Nc5 32.fxe6 fxe6 33.Rxd3 Nxd3 34.Rf3 Nxc1 35.Kxc1 Rc8+
36.Kd2 Rc5 37.Rf6 Rxe5 38.Rxh6 Kc7 39.Rg6 Kd6 40.Rg4 Ra5 41.Rxb4 Rxa2 42.h4 Ra1
43.Ke3 e5 44.Kf3 Kd5 45.Kg2 e4 46.h5 e3 47.Kf3 Rh1 48.Kxe3 Kc5  1/2-1/2

[Event "6th Geller Memorial Open A"]
[Site "Odessa UKR"]
[Date "2010.08.27"]
[Round "7"]
[White "Ivanov,VA UKR"]
[Black "Rudenko,S"]
[Result "0-1"]
[WhiteElo "2084"]
[BlackElo "1906"]

1.e4 d6 2.d4 g6 3.Nc3 Bg7 4.Be3 Nd7 5.Bc4 e6 6.Qd2 a6 7.a4 c6 8.Nge2 d5 9.Bb3 Ne7
10.O-O O-O 11.f3 b6 12.Bh6 c5 13.Bxg7 Kxg7 14.exd5 exd5 15.Nxd5 Bb7 16.dxc5 Nf6
17.c4 Nexd5 18.cxd5 bxc5 19.Rfd1 Qb6 20.Bc4 Rfd8 21.Qc3 Rd6 22.Rd2 Rad8 23.Rad1 Kg8
24.Nf4 g5 25.Nh3 h6 26.f4 Ne4 27.Qe5 Nxd2 28.Rxd2 Qb4 29.Qe2 Bxd5 30.Bxd5 Rxd5
31.Rxd5 Rxd5 32.fxg5 hxg5 33.Nf2 Qxa4 34.h3 Rf5 35.Ng4 Qd4+ 36.Kh1 Qd6 37.b3 Rd5
38.Nf2 Re5 39.Qf1 Qd2 40.Nd3 Re3 41.Qf5 Rxd3 42.Qe5 Qc1+  0-1

[Event "1st Fermo Festival"]
[Site "Porto San Giorgio ITA"]
[Date "2010.08.27"]
[Round "7"]
[White "Bernardi,R"]
[Black "Spornberger,M"]
[Result "1/2-1/2"]
[WhiteElo "2212"]
[BlackElo "2073"]

1.e4 g6 2.d4 Bg7 3.Nc3 d6 4.f4 e6 5.Nf3 Ne7 6.Bd3 Nd7 7.Be3 a6 8.O-O O-O
9.a4 b6 10.Qd2 Bb7 11.f5 exf5 12.exf5 Nf6 13.Bh6 Qd7 14.Rae1 Nxf5 15.Bxf5 Qxf5
16.Bxg7 Kxg7 17.Ng5 Qd7 18.Rxf6 Kxf6 19.d5 Kg7 20.Qd4+ Kg8 21.Nce4 f5 22.Nf6+ Rxf6
23.Qxf6 Rf8 24.Qd4 Re8 25.Rxe8+ Qxe8 26.Ne6 Qe7 27.Qc4 Kf7 28.Nxc7 Qe1+ 29.Qf1 Qxf1+
30.Kxf1 Ke7  1/2-1/2

[Event "17th Open A"]
[Site "Graz AUT"]
[Date "2010.08.28"]
[Round "1"]
[White "Tomazini,Z"]
[Black "Horvath,Re"]
[Result "1-0"]
[WhiteElo "2188"]
[BlackElo "1967"]

1.e4 g6 2.d4 d6 3.Nc3 Bg7 4.Be3 b6 5.Qd2 Bb7 6.Bd3 Nd7 7.f4 e5 8.fxe5 dxe5
9.d5 Ndf6 10.Nf3 Ng4 11.Bb5+ Kf8 12.Bg5 f6 13.h3 h6 14.Bh4 h5 15.hxg4 hxg4
16.Nxe5 fxe5 17.O-O+ Bf6 18.Bxf6 Nxf6 19.Rxf6+ Qxf6 20.Rf1 Qxf1+ 21.Bxf1 Kg7
22.Qg5 Rh5 23.Qe7+ Kh6 24.Qxc7 Rh8 25.Qxb7 Kg5 26.Qe7+ Kf4 27.Qf6+  1-0

[Event "7th Open"]
[Site "Kalamaria GRE"]
[Date "2010.08.28"]
[Round "4"]
[White "Galopoulos,P"]
[Black "Petrov,Marij"]
[Result "0-1"]
[WhiteElo "2095"]
[BlackElo "2535"]

1.e4 g6 2.d4 Bg7 3.Nc3 d6 4.Be3 Nf6 5.f3 O-O 6.Qd2 e5 7.d5 c6 8.O-O-O Qa5
9.Kb1 Rd8 10.Bh6 b5 11.dxc6 a6 12.Nxb5 Qxd2 13.Bxd2 Nxc6 14.Nc7 Ra7 15.Nd5 Nxd5
16.exd5 Nd4 17.c3 Bf5+ 18.Kc1 Rb8 19.g4 Rxb2 20.gxf5 Rc2+ 21.Kb1 Rb7+ 22.Ka1 Rxc3  0-1

[Event "PK NBSB"]
[Site "Roosendaal NED"]
[Date "2010.08.28"]
[Round "3"]
[White "Nabuurs,M"]
[Black "Blijlevens,P"]
[Result "1-0"]
[WhiteElo "2184"]
[BlackElo "1920"]

1.e4 d6 2.d4 g6 3.Nc3 Bg7 4.Be3 Nd7 5.Nf3 e5 6.dxe5 dxe5 7.Bd3 c6 8.a4 Qe7
9.O-O Ngf6 10.h3 O-O 11.Qe2 Nh5 12.Rfe1 Nc5 13.Bc4 Ne6 14.Bxe6 Bxe6 15.Nd2 Rfd8
16.Qf3 Bf6 17.Nf1 Bg5 18.Ne2 Rd7 19.Red1 Bxe3 20.Qxe3 Bc4 21.Nfg3 Nxg3 22.Nxg3 Rad8
23.Rxd7 Rxd7 24.Qxa7 Rd2 25.b3 Ba6 26.c4 Qd6 27.Re1 Rb2 28.Qe3 Qd4 29.Qf3 Qb6
30.Re3 Rd2 31.Qf6 Qc5 32.Rf3 Rd7 33.h4 Qd6 34.Qg5 Qe7 35.Qxe7 Rxe7 36.Rd3 b6
37.Rd8+ Kg7 38.Ra8 Bb7 39.Rb8 Kf6 40.Kf1 Ke6 41.Ke2 Kd6 42.Kd3 Kc5 43.Kc3 Kd6
44.h5 gxh5 45.Nf5+ Kc7 46.Rxb7+  1-0

[Event "ch-RUS Higher League"]
[Site "Irkutsk RUS"]
[Date "2010.08.29"]
[Round "4"]
[White "Ajrapetian,G"]
[Black "Smirnov,P"]
[Result "1/2-1/2"]
[WhiteElo "2427"]
[BlackElo "2518"]

1.e4 g6 2.d4 Bg7 3.Nc3 d6 4.f4 Nf6 5.Nf3 O-O 6.Bd3 Na6 7.O-O c5 8.d5 Bg4
9.h3 Bxf3 10.Qxf3 Nb4 11.a3 Nxd3 12.Qxd3 Qc8 13.Qc4 e6 14.dxe6 Qxe6 15.Qxe6 fxe6
16.Be3 b6 17.Rad1 Rad8 18.g4 d5 19.exd5 Nxd5 20.Nxd5 exd5 21.b3 Rde8 22.Rf3 d4
23.Bd2 b5 24.Kf1 c4 25.bxc4 bxc4 26.Bb4 Rf7 27.f5 c3 28.Bc5 gxf5 29.Rxf5 Rd7
30.Rd3 Re4 31.Kf2 h6 32.Bb4 Rd8 33.Bxc3 Rde8 34.Bd2 Re2+ 35.Kf3 Rh2 36.Kg3 Ree2
37.Bf4 Rxc2 38.Be5 Rhd2 39.Rxd2 Rxd2 40.Bxg7 Kxg7 41.Ra5 d3 42.Rxa7+ Kf6
43.Ra6+ Ke5 44.Ra8 Ra2 45.Kf3 d2 46.Ke2 Kf4 47.Ra6 Kg5 48.Ra5+ Kf4 49.Ra6 Kg5
50.Ra5+ Kf4 51.Rf5+ Ke4 52.Rh5 Rxa3 53.Kxd2 Ra6 54.Kc3 Rc6+ 55.Kb4 Rf6 56.Kc5 Ra6  1/2-1/2

[Event "1st Campomanes Memorial Cup Open"]
[Site "Manila PHI"]
[Date "2010.08.29"]
[Round "2"]
[White "Ghaem Maghami,E"]
[Black "Yap,K"]
[Result "1-0"]
[WhiteElo "2585"]
[BlackElo "2394"]

1.e4 d6 2.d4 g6 3.Nc3 Bg7 4.Be2 Nf6 5.Nf3 O-O 6.O-O a6 7.a4 Nc6 8.Bg5 h6
9.Bf4 g5 10.Be3 Bg4 11.Nd2 Bd7 12.Nc4 b5 13.Nd2 Rb8 14.axb5 axb5 15.Nxb5 Ng4
16.Bxg4 Bxg4 17.Qxg4 Rxb5 18.Nb3 e6 19.f4 gxf4 20.Bxf4 Kh7 21.Be3 f5 22.Qe2 Rb4
23.exf5 exf5 24.Qd3 Ne7 25.Rf3 Qd7 26.Raf1 Qb5 27.Qd2 Rc4 28.Rh3 Ng8 29.Rh5 Qd5
30.Qd3 Kg6 31.g4 Ne7 32.Rh3 Ra4 33.gxf5+ Rxf5 34.Rhf3 Qc4 35.Qe4 Qd5 36.Qg4+ Kf7
37.Nd2 Ra1 38.Rxa1  1-0

[Event "1st Campomanes Memorial Cup Open"]
[Site "Manila PHI"]
[Date "2010.08.29"]
[Round "2"]
[White "Tirto"]
[Black "Milagrosa,A"]
[Result "1-0"]
[WhiteElo "2360"]
[BlackElo "2248"]

1.e4 g6 2.d4 Bg7 3.Nc3 d6 4.f4 a6 5.Be3 b5 6.Bd3 Bb7 7.Nf3 Nd7 8.e5 Rc8 9.Ne4 c5
10.c3 cxd4 11.Bxd4 Nc5 12.Nxc5 dxc5 13.Bf2 Nh6 14.h3 f6 15.O-O fxe5 16.fxe5 O-O
17.Ng5 Nf7 18.Be4 Bxe4 19.Nxe4 Nxe5 20.Nxc5 Rc6 21.a4 Qc8 22.Nb3 Nc4 23.axb5 axb5
24.Qd5+ e6 25.Qxb5 Rf5 26.Qb4 Nxb2 27.Nd4 Nd3 28.Nxc6 Qxc6 29.Qa5 Qxc3  1-0

[Event "TCh-SUI 2010"]
[Site "Switzerland SUI"]
[Date "2010.08.29"]
[Round "7.5"]
[White "Vogt,L"]
[Black "Ballmann,M"]
[Result "1/2-1/2"]
[WhiteElo "2427"]
[BlackElo "2389"]

1.e4 g6 2.d4 Bg7 3.Nc3 d6 4.Be3 a6 5.Qd2 Nd7 6.Nf3 h6 7.Be2 e6 8.a4 b6 9.O-O Bb7
10.Rad1 Ne7 11.Rfe1 Nf6 12.Bd3 Kf8 13.Qe2 Qe8 14.b3 Nd7 15.h3 Kg8 16.Bf4 c5
17.Bxd6 cxd4 18.Nb1 Nc5 19.Nbd2 Qd8 20.Be5 Nc6 21.Bxg7 Kxg7 22.Bc4 Qc7 23.Nf1 e5
24.Bd5 Nb4 25.Qc4 Nxd5 26.exd5 f6 27.Nxd4 exd4 28.b4 Qd6 29.bxc5 bxc5 30.Re6 Bxd5
31.Rxd6 Bxc4 32.Nd2 Bf7 33.Ne4 Rhd8 34.Rxd8 Rxd8 35.Nxc5 Bc4 36.Rb1 g5 37.Rb4 Bf7
38.Nxa6 Rc8 39.Rxd4 Rxc2 40.g4 Ra2 41.Nc5 Be8 42.f4 gxf4 43.Rxf4 h5 44.gxh5 Bxh5
45.h4 Be8 46.Kf1 Rc2 47.Nb7 Ra2 48.Nc5 Rc2 49.Nb7 Ra2 50.Nc5  1/2-1/2

[Event "9th Georgiev-Kesarovski Mem"]
[Site "Sunny Beach BUL"]
[Date "2010.08.30"]
[Round "3"]
[White "Nikolov,J"]
[Black "Nanu,C"]
[Result "0-1"]
[WhiteElo "2097"]
[BlackElo "2515"]

1.e4 g6 2.d4 Bg7 3.Nc3 d6 4.h3 a6 5.a4 Nf6 6.Nf3 O-O 7.Be2 b6 8.O-O Bb7 9.e5 dxe5
10.dxe5 Ne4 11.Nxe4 Bxe4 12.Bf4 Nc6 13.c3 Bd5 14.Qc2 Qc8 15.Rad1 Be6 16.Qe4 Qe8
17.Bc4 Bf5 18.Qe2 Nd8 19.b3 Be6 20.Rd2 Bxc4 21.Qxc4 Ne6 22.Be3 b5 23.Qe4 Rd8
24.Rfd1 Rxd2 25.Rxd2 Qa8 26.Qxa8 Rxa8 27.axb5 axb5 28.c4 bxc4 29.bxc4 Ra1+
30.Kh2 Kf8 31.g3 Ke8 32.Rc2 Kd7 33.Kg2 Ra5 34.Bf4 Ra4 35.h4 Kc6 36.Be3 Ra5
37.Bf4 h6 38.Kf1 Ra3 39.Be3 Kd7 40.Ke2 Nd8 41.Bd4 Ke6 42.Bb2 Ra2 43.Kd3 Nc6
44.Re2 Bh8 45.Kc2 Kf5 46.Kd3 e6 47.Re4 g5 48.g4+ Kg6 49.h5+ Kh7 50.Re2 Kg8
51.Kc2 Bg7 52.Kb3 Ra8 53.Rd2 Rb8+ 54.Kc2 Kf8 55.Rd7 Rc8 56.Rd2 Ke8 57.Kd3 Ra8
58.Re2 Rb8 59.Bc3 Ra8 60.Bb2 Kd7 61.Rd2 Kc8 62.Kc2 Ra5 63.Re2 Bf8 64.Nd2 Bg7
65.Nf3 Kb7 66.Bc3 Ra2+ 67.Bb2 Kb6 68.Kb3 Ra8 69.Rd2 Na5+ 70.Kc3 Kc6 71.Nd4+ Kb7
72.Nf3 Kc8 73.Re2 Rb8 74.Nd4 Kd7 75.Ba3 Rb1 76.Bb2 Rg1 77.f3 Rf1 78.Kb4 Nb7
79.c5 Bf8 80.Rc2 c6 81.Ba3 Re1 82.Bb2 Re3 83.Ba1 Rxe5 84.Nxc6 Rd5 85.Ne5+ Ke8
86.Kb5 Bxc5 87.Kc6 Nd8+ 88.Kc7 Bd6+  0-1

[Event "ch-RUS Higher League"]
[Site "Irkutsk RUS"]
[Date "2010.08.31"]
[Round "6"]
[White "Obolenskikh,D"]
[Black "Tseshkovsky,V"]
[Result "1-0"]
[WhiteElo "2466"]
[BlackElo "2564"]

1.e4 g6 2.d4 Bg7 3.Nc3 d6 4.f4 Nc6 5.Be3 Nf6 6.Nf3 O-O 7.Bd3 e5 8.fxe5 dxe5
9.dxe5 Ng4 10.Bg5 Qd7 11.Bb5 Qe6 12.Nd5 Ncxe5 13.Nd4 Qd6 14.Be7 Qxe7 15.Nxe7+ Kh8
16.Nxc8 Raxc8 17.Bd7  1-0

[Event "17th Open A"]
[Site "Graz AUT"]
[Date "2010.09.01"]
[Round "5"]
[White "Shengelia,D"]
[Black "Fahrner,K"]
[Result "1-0"]
[WhiteElo "2582"]
[BlackElo "2314"]

1.d4 g6 2.e4 Bg7 3.Nc3 d6 4.Nge2 Nd7 5.h3 c5 6.d5 Rb8 7.a4 b6 8.g4 h5 9.gxh5 Rxh5
10.Ng3 Rh4 11.Bg5 Rh7 12.h4 Bf6 13.Bxf6 Ndxf6 14.Be2 e5 15.dxe6 Bxe6 16.Qd2 d5
17.exd5 Bxd5 18.Nxd5 Qxd5 19.Qf4 Rd8 20.Rd1 Qa8 21.O-O Kf8 22.Bf3 Qb8 23.Rxd8+ Qxd8
24.Rd1 Qe7 25.h5 Nh6 26.Qg5 gxh5 27.Nxh5 Nhg8 28.Kf1 Ne8 29.Qf5 Rh8 30.Rd7 Nh6
31.Rxe7 Nxf5 32.Rxa7 Nd4 33.Bd5 Nd6 34.Ra8+ Ne8 35.Nf6 Ke7 36.Nxe8 Rxe8 37.Rxe8+ Kxe8
38.c3 Nf5 39.b4 Ne7 40.Be4 Kd7 41.Ke2 Nc8 42.Bf5+  1-0

[Event "7th Malaysia Open"]
[Site "Kuala Lumpur MAS"]
[Date "2010.09.01"]
[Round "1"]
[White "Soon,W"]
[Black "Dzhumaev,M"]
[Result "0-1"]
[WhiteElo "2081"]
[BlackElo "2487"]

1.e4 g6 2.d4 Bg7 3.Nc3 d6 4.Be3 Nd7 5.Qd2 a6 6.Nf3 b5 7.a4 b4 8.Nd1 Ngf6
9.Bd3 Bb7 10.Bh6 O-O 11.Bxg7 Kxg7 12.Qe2 e5 13.dxe5 dxe5 14.O-O Re8 15.Ne1 Nc5
16.f3 Qd7 17.a5 Rad8 18.Kh1 Bc6 19.Rc1 Bb5 20.Nf2 Ne6 21.Bxb5 axb5 22.Ned3 Qe7
23.Qe1 c5 24.c3 Nd7 25.Ng4 bxc3 26.bxc3 Nc7 27.Qe3 h5 28.Ngf2 Ra8 29.Ra1 Ra6
30.Nh3 Ne6 31.Rfb1 Nc7 32.Rf1 Rea8 33.f4 Rxa5 34.Rad1 Ra3 35.Qe1 c4 36.Nb4 exf4
37.Nxf4 Ne5 38.Nc2 Ra2 39.Nd4 Qg5 40.Qe3 Kg8 41.Nf3 Ng4 42.Qc1 Qc5 43.Rd4 Nf2+
44.Kg1 Nxe4 45.Nxg6 fxg6 46.Qh6 Qf5 47.Rfd1 Ne6 48.Rd7 Nf6 49.R7d6 Qg4 50.Nh4 Ra1
51.Nf3 Nf4 52.Rd8+ Rxd8  0-1

[Event "9th Georgiev-Kesarovski Mem"]
[Site "Sunny Beach BUL"]
[Date "2010.09.01"]
[Round "5"]
[White "Dimitrov,De"]
[Black "Popovic,AM"]
[Result "0-1"]
[WhiteElo "2053"]
[BlackElo "2244"]

1.e4 d6 2.d4 g6 3.Nc3 Bg7 4.Bg5 c6 5.Qd2 b5 6.Nf3 Nf6 7.Bd3 h6 8.Bh4 g5 9.Bg3 Nh5
10.e5 d5 11.a4 b4 12.Ne2 a5 13.O-O O-O 14.Nxg5 c5 15.dxc5 Nxg3 16.Nxg3 hxg5
17.Qxg5 e6 18.Qh5 f5 19.exf6 Rxf6 20.Qh7+ Kf8 21.Nh5 Qe7 22.Nxf6 Bxf6 23.Qg6 Qg7
24.Qh5 Nd7 25.Bb5 Qh8 26.Qg6 Ke7 27.Rae1 Ne5 28.Qg3 Bb7 29.f4 Nc6 30.Qg4 Nd4
31.c6 Rg8 32.Qd1 Bc8 33.c3 Qh3 34.Rf2 bxc3 35.bxc3 Qxc3 36.Ref1 Nf5 37.Rf3 Bd4+
38.Kh1 Qb2 39.Be2 Ne3 40.Rxe3 Bxe3 41.Qd3 Qd4 42.Qh7+ Rg7 43.Qh3 Qf6 44.Qh8 Qf8
45.Qh4+ Kd6 46.Qh3 Bc5 47.f5 exf5 48.Rc1 Kc7 49.Qc3 Kxc6 50.Qxa5 Rc7 51.Qa8+ Kd6
52.Qb8 Qe7 53.Bf3 Qe3 54.Rd1 d4 55.Qa8 Qe5 56.Qb8 Ke7 57.Qb1 Kf6 58.Re1 Qf4
59.Qb3 Rh7 60.g3 Qxg3  0-1

[Event "7th Malaysia Open"]
[Site "Kuala Lumpur MAS"]
[Date "2010.09.02"]
[Round "2"]
[White "Dragicevic,Do"]
[Black "Bennett,H"]
[Result "1-0"]
[WhiteElo "2195"]
[BlackElo "1975"]

1.e4 g6 2.d4 Bg7 3.Nc3 d6 4.Be3 a6 5.a4 b6 6.Bc4 e6 7.f4 Ne7 8.Nf3 Bb7 9.Bd3 Nd7
10.O-O f5 11.Ng5 Nf8 12.exf5 exf5 13.Re1 h6 14.Nf3 Qd7 15.Qe2 Nh7 16.Bf2 Nf6
17.Nh4 Kf7 18.Qxe7+ Qxe7 19.Rxe7+ Kxe7 20.Nxg6+ Kf7 21.Nxh8+ Rxh8 22.Bxf5 Re8
23.Re1 Rxe1+ 24.Bxe1 Nd5 25.Nxd5 Bxd4+ 26.Bf2 Bxf2+ 27.Kxf2 Bxd5 28.g4 a5
29.h4 Kf6 30.Bd3 Bc6 31.b3 Bd7 32.g5+ Kg7 33.f5 c6 34.c4 d5 35.cxd5 cxd5
36.Ke3 Be8 37.Kd4 Bf7 38.f6+ Kh8 39.g6 Be6 40.Ke5  1-0

[Event "7th LGA Premium Cup"]
[Site "Nuremberg GER"]
[Date "2010.09.02"]
[Round "1"]
[White "Belich,Maxim"]
[Black "Lauterbach,I"]
[Result "0-1"]
[WhiteElo "1591"]
[BlackElo "2169"]

1.d4 d6 2.Nc3 g6 3.e4 Bg7 4.Nf3 Nd7 5.Bd3 c6 6.Be3 Ngf6 7.Qd2 Ng4 8.Bf4 e5
9.dxe5 dxe5 10.Bg5 f6 11.Bh4 O-O 12.h3 Nh6 13.O-O-O Nf7 14.Kb1 b5 15.Ne2 Qe7
16.Ne1 Nc5 17.Qc3 Bb7 18.f4 exf4 19.Qb4 a5 20.Qd4 Rfd8 21.Qg1 Nxe4 22.Nf3 g5
23.Bf2 Nxf2 24.Qxf2 Ne5 25.Bf5 c5 26.Rhe1 Nxf3 27.gxf3 Rxd1+ 28.Rxd1 Qe5
29.Rd7 Bc6 30.Rxg7+ Kxg7 31.Bd3 c4 32.Be4 Bxe4 33.fxe4 Qxe4 34.a3 Qe3  0-1

[Event "7th LGA Premium Cup"]
[Site "Nuremberg GER"]
[Date "2010.09.02"]
[Round "1"]
[White "Liepold,S"]
[Black "Hoffmann,Ay"]
[Result "1-0"]
[WhiteElo "2240"]
[BlackElo "1782"]

1.e4 d6 2.d4 g6 3.Nc3 Bg7 4.Bg5 h6 5.Bh4 Nc6 6.Nge2 Nf6 7.f4 Bg4 8.h3 Bxe2
9.Bxe2 Qd7 10.O-O O-O 11.e5 Nh7 12.Bg4 e6 13.d5 Ne7 14.Qe2 Nf5 15.Bxf5 gxf5
16.Rad1 a6 17.Rd3 Rae8 18.Qh5 f6 19.dxe6 Qxe6 20.exd6 cxd6 21.Nd5 Qf7 22.Qxf5 Re2
23.Rf2 Rfe8 24.Rxe2 Rxe2 25.Rc3 Rd2 26.Rc8+ Nf8 27.Nxf6+ Bxf6 28.Qxf6 Qxf6
29.Bxf6 Kf7 30.Bc3 Rxc2 31.Rc7+ Ke6 32.f5+ Kd5 33.Rf7  1-0

[Event "9th Georgiev-Kesarovski Mem"]
[Site "Sunny Beach BUL"]
[Date "2010.09.02"]
[Round "6"]
[White "Dimitrov,De"]
[Black "Kosturski,I"]
[Result "1-0"]
[WhiteElo "2053"]
[BlackElo "1794"]

1.e4 g6 2.d4 Bg7 3.Nc3 d6 4.Bg5 Nc6 5.Nge2 h6 6.Be3 e5 7.Qd2 g5 8.O-O-O f5
9.exf5 Bxf5 10.dxe5 dxe5 11.Qe1 Qc8 12.Ng3 Nge7 13.Nxf5 Qxf5 14.h4 g4 15.Bc4 a6
16.Qe2 b5 17.Bd3 Qe6 18.Be4 Rd8 19.Rxd8+ Kxd8 20.Rd1+ Kc8 21.Nd5 Nd4 22.Bxd4 Nxd5
23.Bxd5 Qxd5 24.Qxg4+ Kb7 25.Qxg7 Rd8 26.Qxe5 Qxa2 27.b3 c6 28.Qc5 Qa5 29.Qa7+ Kc8
30.Qa8+ Kc7 31.Qxd8+ Kxd8 32.Bb6+  1-0

[Event "9th Georgiev-Kesarovski Mem"]
[Site "Sunny Beach BUL"]
[Date "2010.09.02"]
[Round "6"]
[White "Kosanovic,D"]
[Black "Drenchev,P"]
[Result "0-1"]
[WhiteElo "2324"]
[BlackElo "2514"]

1.d4 g6 2.e4 Bg7 3.Nc3 d6 4.g3 Nf6 5.Bg2 O-O 6.Nge2 Nbd7 7.O-O c5 8.h3 Rb8
9.a4 b6 10.f4 cxd4 11.Nxd4 Bb7 12.Re1 Nc5 13.f5 Re8 14.g4 Rc8 15.Bg5 Ncd7
16.Nf3 Rxc3 17.Bxf6 Nxf6 18.bxc3 Nxe4 19.fxg6 hxg6 20.Nd4 Nxc3 21.Qd3 Bxg2
22.Kxg2 Qa8+ 23.Kg3 Qd5 24.Nf3 Qxd3 25.cxd3 Ne2+ 26.Kf2 Bxa1 27.Kxe2 Bf6
28.Rc1 e5 29.g5 Bd8 30.h4 Kf8 31.Rc8 Ke7 32.Ra8 a5 33.Nh2 Bc7 34.Ra7 Kd7
35.Ng4 Kc6 36.Kf3 b5 37.Nf6 Rc8 38.Ra6+ Bb6  0-1

[Event "9th Georgiev-Kesarovski Mem"]
[Site "Sunny Beach BUL"]
[Date "2010.09.03"]
[Round "7"]
[White "Galunova,T"]
[Black "Popovic,AM"]
[Result "0-1"]
[WhiteElo "1984"]
[BlackElo "2244"]

1.e4 g6 2.d4 Bg7 3.Nc3 d6 4.f4 Nc6 5.Nf3 Bg4 6.d5 Nd4 7.Be3 Bxf3 8.gxf3 c5
9.Nb5 Qa5+ 10.b4 Qxb4+ 11.Bd2 Qa4 12.Rb1 Kf8 13.Nxd4 Qxd4 14.c3 Qf6 15.Rxb7 Bh6
16.Qc1 Qh4+ 17.Ke2 Nf6 18.Qe1 Qh5 19.Qb1 Kg7 20.h4 Rhe8 21.Bh3 Qxh4 22.Bg4 Qg3
23.Qf1 Nxe4 24.fxe4 Qxg4+ 25.Kd3 Rab8 26.Rxa7 Ra8 27.Rg1 Qh4 28.Rxa8 Rxa8
29.e5 dxe5 30.Qe2 Bxf4 31.Be1 Qh3+ 32.Kc4 Qf5 33.Bf2 Rc8  0-1

[Event "9th Georgiev-Kesarovski Mem"]
[Site "Sunny Beach BUL"]
[Date "2010.09.03"]
[Round "7"]
[White "Lamorelle,J"]
[Black "Nanu,C"]
[Result "0-1"]
[WhiteElo "2278"]
[BlackElo "2515"]

1.e4 g6 2.d4 Bg7 3.Nc3 d6 4.f4 a6 5.Nf3 b5 6.Be3 Bb7 7.Bd3 Nd7 8.e5 Nh6 9.Ne4 c5
10.c3 cxd4 11.cxd4 Nb6 12.Qe2 O-O 13.O-O Nd5 14.Bd2 Qb6 15.Kh1 Nf5 16.Neg5 Nxd4
17.Nxd4 Qxd4 18.e6 f5 19.Rac1 Qxb2 20.h4 h6 21.Nf3 h5 22.a4 b4 23.a5 Qf6
24.Rc4 Rfc8 25.Rb1 Rxc4 26.Bxc4 Nc3 27.Bxc3 Qxc3 28.Qf1 Qa3 29.Qf2 Bf6 30.Nd4 Bxd4  0-1

[Event "ch-RUS Higher League"]
[Site "Irkutsk RUS"]
[Date "2010.09.04"]
[Round "9"]
[White "Geller,J"]
[Black "Chernyshov,K"]
[Result "1/2-1/2"]
[WhiteElo "2539"]
[BlackElo "2578"]

1.e4 g6 2.d4 Bg7 3.Nc3 d6 4.Be3 Nf6 5.Qd2 c6 6.Bh6 Bxh6 7.Qxh6 Qa5 8.Bd3 Na6
9.Nf3 Qh5 10.Qxh5 Nxh5 11.Bxa6 bxa6 12.Kd2 Rb8 13.b3 f6 14.e5 Bg4 15.Ne1 c5
16.f3 Bd7 17.Ne2 cxd4 18.g4 Ng7 19.exf6 Ne6 20.fxe7 Kxe7 21.Nd3 Rbf8 22.Rae1 Kd8
23.f4 h5 24.g5 h4 25.a4 Rf5 26.Rhg1 Bc6 27.Ref1 Kd7 28.Rg4 Be4 29.Re1 Bf3
30.Rgg1 Bxe2 31.Rxe2 Nxf4 32.Nxf4 Rxf4 33.Rge1 Rh7 34.Re6 Rg7 35.Kd3 Rf5
36.Rf6 Rxf6 37.gxf6 Rf7 38.Re4 g5 39.Rg4 Rxf6 40.Rxg5 Rf2 41.Ra5 Rxh2 42.Rxa6 h3
43.Rxa7+ Kc6 44.Ra6+ Kb7 45.Rxd6 Rh1 46.Rh6 h2 47.Kc4 d3 48.Rh7+ Kc6 49.Rh6+ Kc7
50.Rh7+ Kd6 51.Rh6+ Ke5 52.Rh5+ Kd6 53.Rh6+ Ke5 54.Rh5+ Kd6  1/2-1/2

[Event "12th Open"]
[Site "Trieste ITA"]
[Date "2010.09.05"]
[Round "3"]
[White "Pomaro,A"]
[Black "Fehr,A"]
[Result "1-0"]
[WhiteElo "2362"]
[BlackElo "2147"]

1.e4 g6 2.d4 Bg7 3.Nc3 d6 4.f4 Nf6 5.Nf3 O-O 6.Bd3 Na6 7.O-O c5 8.d5 Bg4
9.Bc4 Nc7 10.h3 Bxf3 11.Qxf3 e6 12.dxe6 fxe6 13.Rd1 Qe7 14.Be3 Nd7 15.Qf2 Rad8
16.a4 Kh8 17.a5 Ne5 18.Be2 Nc6 19.Bd3 Bd4 20.Ne2 Bxb2 21.Rab1 Qg7 22.c3 Bxc3
23.Nxc3 Qxc3 24.Rxb7 Rf7 25.a6 Rdf8 26.Be2 Ne8 27.Bb5 Ne7 28.Bxe8 Rxe8 29.Rxd6 Nc8
30.Rdd7 Rxd7 31.Rxd7 Nb6 32.Rxa7 Rc8 33.Kh2 Qd3 34.Bxc5 e5 35.fxe5  1-0